Cameron Townsend : (Record no. 10448)

MARC details
000 -LEADER
fixed length control field 01113nam a22002657a 4500
003 - CONTROL NUMBER IDENTIFIER
control field GBCCL
005 - DATE AND TIME OF LATEST TRANSACTION
control field 20241126110732.0
008 - FIXED-LENGTH DATA ELEMENTS--GENERAL INFORMATION
fixed length control field 240719b ||||| |||| 00| 0 eng d
020 ## - INTERNATIONAL STANDARD BOOK NUMBER
International Standard Book Number 9781576581643,
020 ## - INTERNATIONAL STANDARD BOOK NUMBER
International Standard Book Number 9781576582787,
020 ## - INTERNATIONAL STANDARD BOOK NUMBER
International Standard Book Number 1576581640,
020 ## - INTERNATIONAL STANDARD BOOK NUMBER
International Standard Book Number 1576582787
040 ## - CATALOGING SOURCE
Transcribing agency GBC
082 ## - DEWEY DECIMAL CLASSIFICATION NUMBER
Classification number 266.0092
Item number BEN
245 ## - TITLE STATEMENT
Title Cameron Townsend :
Remainder of title good news in every language /
Statement of responsibility, etc. Janet Benge, Geoff Benge
260 ## - PUBLICATION, DISTRIBUTION, ETC.
Place of publication, distribution, etc. Seattle, Wash.,
Name of publisher, distributor, etc. YWAM Pub.,
Date of publication, distribution, etc. 2023
300 ## - PHYSICAL DESCRIPTION
Extent 222 pages :
Other physical details map ;
Dimensions 21 cm
440 ## - SERIES STATEMENT/ADDED ENTRY--TITLE
Title Christian heroes, then & now
9 (RLIN) 17374
505 ## - FORMATTED CONTENTS NOTE
Formatted contents note The Oval Office<br/>A trip to Fresno<br/>Discharged<br/>Mr. Jesus<br/>On the trail<br/>A sudden burst of clarity<br/>The logic of language<br/>Promise and loss<br/>A job completed<br/>The New Testament at last<br/>Links in a chain<br/>Camp Wycliffe<br/>South to Mexico<br/>Tetelcingo<br/>Uncle Cam<br/>New recruits<br/>Jungle camp<br/>The pavilion<br/>A growing organization<br/>The work goes on
600 ## - SUBJECT ADDED ENTRY--PERSONAL NAME
Personal name Townsend, William Cameron,
Dates associated with a name 1896-
9 (RLIN) 5517
650 ## - SUBJECT ADDED ENTRY--TOPICAL TERM
Topical term or geographic name entry element Biographies
9 (RLIN) 16526
650 ## - SUBJECT ADDED ENTRY--TOPICAL TERM
Topical term or geographic name entry element Missionaries
9 (RLIN) 3863
650 ## - SUBJECT ADDED ENTRY--TOPICAL TERM
Topical term or geographic name entry element Missionaries
Form subdivision Biography
Geographic subdivision Guatemala
9 (RLIN) 18178
942 ## - ADDED ENTRY ELEMENTS (KOHA)
Source of classification or shelving scheme Dewey Decimal Classification
Koha item type Books
Holdings
Withdrawn status Lost status Source of classification or shelving scheme Damaged status Not for loan Home library Current Library Shelving location Date acquired Total checkouts Total renewals Full call number Barcode Date last seen Date last checked out Copy number Price effective from Koha item type
    Dewey Decimal Classification     GRACE BIBLE COLLEGE GRACE BIBLE COLLEGE Ministry & Mission 2024-07-19 1 1 266.0092 BEN 016968 2026-02-26 2026-02-19 c.1 2024-07-19 Books
© Grace Bible College Library 2025